STUDY OF CALCIUM PHOSPHATE (DCPD) ELECTRODEPOSITION PROCESS ON THE Mg-3Al-1Zn MAGNESIUM ALLOY SURFACE

Bibliographic Details
Main Authors: Pastorek, Filip (Author), Hadzima, Branislav, 1976- (Author)
Format: Article
Language:English

MARC

LEADER 00000nab a2200000 a 4500
001 vtls011122737
003 SK-MaSNL
005 20260303151208.0
008 230222|2013 xo |||||||||||||||||eng|
015 |a SNBRB 
035 |a (uuid)9321cc45-0f23-44b9-92a5-658de3bb01e9 
035 |a (urnnbn)urn:nbn:sk:snk:ar-a08x74 
035 |a urn:nbn:sk:snk-ab9upq 
040 |a SNKBUCL  |b slo  |c SNKBUCL  |e AACR2 
041 0 |a eng 
044 |a xo  |c SK 
100 1 |a Pastorek, Filip  |4 aut  |9 737824 
245 1 0 |a STUDY OF CALCIUM PHOSPHATE (DCPD) ELECTRODEPOSITION PROCESS ON THE Mg-3Al-1Zn MAGNESIUM ALLOY SURFACE  |c Filip Pastorek, Branislav Hadzima 
700 1 |a Hadzima, Branislav,  |d 1976-  |4 aut  |9 206831 
773 0 |t Materiálové inžinierstvo  |g Roč. 20, č. 2 (2013), s. 54-63 
958 |a OND 
958 |a EUIPO 
958 |a article13 
999 |c 2016564  |d 2018494